000
00434nam a2200145Ia 4500
008
100204s9999 xx 000 0 und d
082
_b
13558
100
_a
अष्टीकर बा. सी.
245
_a
हात सफाई
260
_b
"प्रिया प्रकाशन, मुंबई"
_c
1982
300
_a
228
630
_a
हात सफाई
730
_a
हात सफाई
942
_c
BOOK
999
_c
457990
_d
457987